Kinder- und Jugendprostitution in Deutschland: Analyse der Voraussetzungen und Handlungsmöglichkeiten der Jugendhilfe

Saved in:  
Bibliographic Details
Main Author: Partenheimer, Sabine 1962- (Author)
Format: Print Book
Language:German
Published: Aachen Shaker 1997
In:Year: 1997
Edition:Als Ms. gedr.
Availability in Tübingen:Present in Tübingen.
IFK: E XIII 80
Check availability: HBZ Gateway
Subito Delivery Service: Order now.
Keywords:

MARC

LEADER 00000cam a2200000 c 4500
001 230721818
003 DE-627
005 20251129022127.0
007 tu
008 970712s1997 gw ||||| m 00| ||ger c
015 |a 97,N30,0135  |2 dnb 
015 |a 98,H01,0109  |2 dnb 
016 7 |a 950763489  |2 DE-101 
020 |a 3826526740  |c  : DM 89.00 (kart.)  |9 3-8265-2674-0 
035 |a (DE-627)230721818 
035 |a (DE-576)060489618 
035 |a (DE-599)DNB950763489 
035 |a (OCoLC)260011297 
035 |a (OCoLC)260011297 
040 |a DE-627  |b ger  |c DE-627  |e rakwb 
041 |a ger 
044 |c XA-DE 
084 |a 14  |2 sdnb 
084 |a DS 7140  |2 rvk  |0 (DE-625)rvk/19959: 
084 |a MS 2880  |2 rvk  |0 (DE-625)rvk/123649: 
084 |a 71.25  |2 bkl 
084 |a 79.15  |2 bkl 
084 |a 79.16  |2 bkl 
100 1 |8 1\p  |a Partenheimer, Sabine  |d 1962-  |0 (DE-588)173031331  |0 (DE-627)697956105  |0 (DE-576)133884201  |4 aut 
109 |a Partenheimer, Sabine 1962- 
245 1 0 |a Kinder- und Jugendprostitution in Deutschland  |b Analyse der Voraussetzungen und Handlungsmöglichkeiten der Jugendhilfe  |c Sabine Partenheimer 
246 3 3 |a Kinder- und Jugendprostitution in der Bundesrepublik Deutschland 
250 |a Als Ms. gedr. 
263 |a Pb. : DM 89.00, sfr 89.00, S 619.00 
264 1 |a Aachen  |b Shaker  |c 1997 
300 |a 343 S  |c 21 cm 
336 |a Text  |b txt  |2 rdacontent 
337 |a ohne Hilfsmittel zu benutzen  |b n  |2 rdamedia 
338 |a Band  |b nc  |2 rdacarrier 
490 0 |a Soziologische Studien 
500 |a Literaturverzeichnis S. 302 - 337 
502 |a Zugl.: Mainz, Univ., Diss., 1994 u.d.T.: Partenheimer, Sabine: Kinder- und Jugendprostitution in der Bundesrepublik Deutschland 
583 1 |a Archivierung prüfen  |c 20200919  |f DE-640  |z 3  |2 pdager 
583 1 |a Archivierung prüfen  |c 20240324  |f DE-4165  |z 2  |2 pdager 
655 7 |a Hochschulschrift  |0 (DE-588)4113937-9  |0 (DE-627)105825778  |0 (DE-576)209480580  |2 gnd-content 
689 0 0 |d g  |0 (DE-588)4243718-0  |0 (DE-627)10419541X  |0 (DE-576)210456922  |a Deutschland  |g Westliche Länder  |2 gnd 
689 0 1 |d s  |0 (DE-588)4030622-7  |0 (DE-627)106269259  |0 (DE-576)208988378  |a Kinderprostitution  |2 gnd 
689 0 2 |d s  |0 (DE-588)4028892-4  |0 (DE-627)106276573  |0 (DE-576)208979980  |a Jugendhilfe  |2 gnd 
689 0 |5 DE-101 
751 |a Mainz  |0 (DE-588)4037124-4  |0 (DE-627)106239201  |0 (DE-576)209022329  |4 uvp 
883 |8 1\p  |a cgwrk  |d 20241001  |q DE-101  |u https://d-nb.info/provenance/plan#cgwrk 
889 |w (DE-627)823106004 
935 |i Blocktest 
936 r v |a DS 7140  |b Prävention in der Jugendhilfe (Jugendarbeit, Jugendpflege, Freizeitbetreuung, -beratung)  |k Pädagogik  |k Sozialpädagogik, Sozialarbeit  |k Berufsfelder  |k Jugendhilfe  |k Prävention in der Jugendhilfe (Jugendarbeit, Jugendpflege, Freizeitbetreuung, -beratung)  |0 (DE-627)1270705717  |0 (DE-625)rvk/19959:  |0 (DE-576)200705717 
936 r v |a MS 2880  |b Sexuierte Praktiken (Prostitution, Pornographie, auch abweichendes Sexualverhalten, etc.)  |k Soziologie  |k Spezielle Soziologien  |k Soziologische Geschlechterforschung (Gender Studies)  |k Sexuierte Praktiken (Prostitution, Pornographie, auch abweichendes Sexualverhalten, etc.)  |0 (DE-627)1271304899  |0 (DE-625)rvk/123649:  |0 (DE-576)201304899 
936 b k |a 71.25  |j Sexualität  |x Soziologie  |0 (DE-627)106409050 
936 b k |a 79.15  |j Familienhilfe  |0 (DE-627)106416197 
936 b k |a 79.16  |j Jugendhilfe  |x Sozialarbeit  |0 (DE-627)106412930 
951 |a BO 
ELC |b 1 
LOK |0 000 xxxxxcx a22 zn 4500 
LOK |0 001 3198574714 
LOK |0 003 DE-627 
LOK |0 004 230721818 
LOK |0 005 20010501000000 
LOK |0 008 991229||||||||||||||||ger||||||| 
LOK |0 040   |a DE-21-110  |c DE-627  |d DE-21-110 
LOK |0 852   |a DE-21-110 
LOK |0 852 1  |c E XIII 80  |m p  |9 00 
LOK |0 935   |a k110 
LOK |0 936ln  |a 9.4 
LOK |0 938   |k p 
LOK |0 939   |a 29-12-99  |b l01 
ORI |a SA-MARC-krimdoka001.raw 
SIG |a IFK: E XIII 80